000 00344nam a2200145Ia 4500
008 150201s2005 xx 000 0 und d
082 _a611
_bA2005J
100 _aJAIN A.K.
245 _aANATOMY & PHYSIOLOGY FOR NURSES
250 _a1ST
260 _bARYA PUBLICATION
_aDELHI
_c2005
300 _a1-319
650 _aANATOMY
942 _2ddc
_cBK
999 _c4061
_d4061